00782 2200277 4500001002100000005001700021008004100038020001800079035002400097090001500121100002000136245009100156250001200247260005100259300003100310500002700341500001100368650001200379700002400391700002300415850001500438980001500453985000600468999001500474999001500489YOGYA-0209000000202220090227020508.0 ind  a0-201-14835-8 0010-020900000002022 a512bKee A aKeedy, Mervin L aAlgebra for callege studentscMervin L. Keedy, Marvin L. Bittinger, William B. Rudolph a2 nd ed aTokyobAddison-Wesley Publishing Companyc1984 aviii, 546 hlmbilusc23 cm aBibliografi : hlm. 546 aIndeks aAljabar aBittinger, Marvin L aRudalph, William B aYOPDYOG(B) a10-25-2005 a2 aA000014546 aA000010950